| 000 | 00696cam a22002533a 4500 | ||
|---|---|---|---|
| 001 | 16650 | ||
| 003 | PGUSA | ||
| 005 | 20140828083344.0 | ||
| 008 | 050904s2005||||xxu|||||s|||||000 | eng d | ||
| 040 |
_aPGUSA _beng |
||
| 042 | _adc | ||
| 050 | 4 | _aTX | |
| 245 | 1 | 4 |
_aThe Complete Home _h[electronic resource] |
| 260 |
_bProject Gutenberg, _c2005 |
||
| 506 | _aPublic domain in the USA. | ||
| 516 | _aElectronic text | ||
| 653 | _aHome economics | ||
| 700 | 1 | _aRippey, Sarah Cory | |
| 700 | 1 |
_aLaughlin, Clara E. _q(Clara Elizabeth), _d1873-1941 |
|
| 700 | 1 | _aWilliamson, Oliver R. | |
| 830 | 0 |
_aProject Gutenberg _v16650 |
|
| 856 | 4 | 0 | _uhttp://www.gutenberg.org/ebooks/16650 |
| 942 | _cEB | ||
| 999 |
_c245905 _d245905 |
||